000 00260nam a2200097Ia 4500
005 20251222175819.0
008 251222s9999||||xx |||||||||||||| ||spa||
082 _aDVD0070/W42S/1989
245 0 _aLa sociedad de los poetas muertos:Dead Poets Society
942 _cDVD
999 _c40436
_d40436